| 000 | 00690nam a2200217 a 4500 | ||
|---|---|---|---|
| 001 | BRCA_4272 | ||
| 005 | 20190320204617.0 | ||
| 008 | 220610s1926----mx-#######---#000-0#spa-# | ||
| 041 | _aspa | ||
| 044 | _amx | ||
| 050 | 4 |
_aHF3223 _b.D57 1926 |
|
| 245 | 1 | 0 |
_aDirectorio comercial Murguia y guía de la ciudad de México y del Distrito Federal 1925-1926 _corganizado por José R. García. |
| 260 |
_aMéxico _bAntigua Imprenta de Murguia _c1926 |
||
| 300 |
_a1224 p. _c30 cm. |
||
| 500 | _aCEF66 | ||
| 651 | 4 |
_aMéxico _vDirectorios _xComercio _910874 |
|
| 651 | 4 |
_aMéxico _vGuías de viajeros _xDescripción _910875 |
|
| 700 | 1 |
_aGarcía, José R. _911007 |
|
| 902 | _aGFM | ||
| 942 |
_2lcc _cB |
||
| 999 |
_c3983 _d3983 |
||